000 00546nam a22001937a 4500
003 OSt
005 20160715181035.0
008 160715b xxu||||| |||| 00| 0 eng d
020 _a0273707981
040 _cDNLM.
082 _aWB29302m 2008.
100 _aStuart-Kotze,Robin;
_910254
245 _aPerformance:
_bThe secrets of Successful Behaviour.
260 _aLondon.
_bFT Prentice Hall;
_c2008.
300 _axiii,250p;
_bill;
_c24cm.
504 _aincludes references and index.
650 _aBehaviour change.
_910255
942 _2z
_cO_SHELF
999 _c4765
_d4765